000 00600nam a2200241 a 4500
001 nice12345678
003 IN_TiNIC
005 20260116012649.0
008 050524s1978 cana grp 000 0 eng
020 _a
_c28.2
082 0 0 _a269.2
_bEVA
100 _aEvans, Simon
245 _aTurkey
_b Impossible for God.
260 _aCanada
_bFellowship of Faith
_c1978
300 _a20p
500 _aincludes index and biblioraphy
505 2 _aOriginal Text and Notes in English
650 _aEvangelistic Work
700 1 _aEvans, Simon
902 _bSRS
942 _cBK
999 _c7861
_d7861